| 000 | 00913nam a2200265Ia 4500 | ||
|---|---|---|---|
| 003 | OSt | ||
| 005 | 20221005111145.0 | ||
| 006 | a|||||r|||| 00| 0 | ||
| 007 | ta | ||
| 008 | 221004b |||||||| |||| 00| 0 hin d | ||
| 020 |
_a8181436008 (hbk) _c200 |
||
| 024 | _a16808 | ||
| 037 |
_b518A, 21/03/2015, Vani Prakashan _cTextual |
||
| 040 |
_aCRL _cCRL _bhin |
||
| 041 |
_2hin _ahin |
||
| 082 | _aO152,3N52x, P6 | ||
| 100 | _aउदय प्रकाश | ||
| 245 | 0 | _aऔर अन्त में प्रार्थना | |
| 246 | _aAur anta mean prārthanā | ||
| 260 |
_aनई दिल्ली _bवाणी प्रकाशन भारत _c2006 |
||
| 300 |
_a202पृ0 _ccm. |
||
| 650 | _aहिन्दी साहित्य | ||
| 942 |
_hO152,3N52x, P6 _cTEXL _2cc |
||
| 999 |
_c1020982 _d1020982 |
||